02024nam a22003494a 4500001001200000003000800012006001900020007001500039008004100054010001700095020004300112040002100155035002100176043001200197050002600209082001700235100002700252245011200279260005800391300001500449504005100464505064900515533015201164600002701316650006501343650003901408650003801447655002901485710001701514856012601531999001701657ebr10225225CaPaEBRm u cr cn|||||||||070228s2007 nju sb 001 0 eng  z 2007008417 z9780813541921 (hardcover : alk. paper) aCaPaEBRcCaPaEBR a(OCoLC)232362502 an-us-ca14aKF373.C564bA3 2007eb04a363.25/62221 aClarke, George,d1951-10aJustice and scienceh[electronic resource] :btrials and triumphs of DNA evidence /cGeorge "Woody" Clarke. aNew Brunswick, NJ :bRutgers University Press,c2007. axi, 216 p. aIncludes bibliographical references and index.0 aThe scientist becomes a victim -- A new prosecutor -- The transition to DNA evidence -- The fight for acceptance -- A stranger rapist and a murderer : early sucess with DNA evidence -- A double-edged sword : DNA for and against the prosecution -- A child and a critical nightshirt -- DNA and a football hero collide -- Back home again in San Diego : an unusual rape case -- When a match is not a match -- Exonerations, databases & S.T.R.'s -- A national approach -- The D.A.'s office searches for innocence -- DNA takes to television -- The tragic case of a small child -- A cold hit DNA match solves an old crime -- Helena Greenwood revisited. aElectronic reproduction.bPalo Alto, Calif. :cebrary,d2013.nAvailable via World Wide Web.nAccess may be limited to ebrary affiliated libraries.10aClarke, George,d1951- 0aPublic prosecutorszCaliforniazSan Diego CountyvBiography. 0aDNA fingerprintingzUnited States. 0aForensic geneticszUnited States. 7aElectronic books.2local2 aebrary, Inc.40uhttp://site.ebrary.com/lib/rucke/Doc?id=10225225zAn electronic book accessible through the World Wide Web; click to view c27384d27384